Arabic States of America Quiz Stats

 Plays Quiz Updated Mar 13, 2020

Support Sporcle.
Go Orange.
Score 0/50 Timer 07:00
0 Plays Today
ولاية State % Correct
كارولاينا الشماليةNorth Carolina
71%
كارولاينا الجنوبيةSouth Carolina
70.8%
داكوتا الشماليةNorth Dakota
70%
داكوتا الجنوبيةSouth Dakota
70%
نيو مكسيكوNew Mexico
64.4%
نيو جيرسيNew Jersey
64.1%
نيو هامبشيرNew Hampshire
63.8%
آيواIowa
60.9%
فيرجينيا الغربيةWest Virginia
56.6%
مينMaine
56.3%
يوتاUtah
55.4%
ميسيسيبيMississippi
53.8%
كاليفورنياCalifornia
51.8%
ألاسكاAlaska
50.8%
نيويوركNew York
50.7%
ألاباماAlabama
50.1%
كولورادوColorado
49.6%
رود آيلاندRhode Island
49.5%
كانساسKansas
49.5%
أركنساسArkansas
49.3%
ماساتشوستسMassachusetts
48.9%
هاوايHawai'i
48.7%
كنتاكيKentucky
47.4%
ميشيغانMichigan
46.8%
أوهايوOhio
46.8%
ولاية State % Correct
مونتاناMontana
46.8%
ايداهوIdaho
46.7%
ميسوريMissouri
46.6%
واشنطنWashington
46.6%
فرجينياVirginia
46.5%
تكساسTexas
46.4%
أريزوناArizona
46.4%
جورجياGeorgia
46.1%
كونيتيكتConnecticut
46.1%
فلوريداFlorida
45.9%
نبراسكاNebraska
44.9%
مينيسوتاMinnesota
44.9%
إندياناIndiana
44.6%
أوكلاهوماOklahoma
44.5%
نيفاداNevada
43.7%
ديلاويرDelaware
43.5%
ميريلاندMaryland
43.2%
ويسكونسنWisconsin
42.8%
تينيسيTennessee
42.8%
فيرمونتVermont
41.8%
لويزياناLouisiana
41.7%
إلينويIllinois
41.7%
وايومنغWyoming
41.5%
أوريغونOregon
40.2%
بنسلفانياPennsylvania
37.6%

You're not logged in!

Compare scores with friends on all Sporcle quizzes.
OR
Log In

From the Vault

'A' Cities by Clue

by Flick

These cities are #1...alphabetically.
Remove Ads.
Support Sporcle.
Get the best of Sporcle when you Go Orange. This ad-free experience offers more features, more stats, and more fun while also helping to support Sporcle. Thank you for becoming a member.

Show Comments

Extras

Top Quizzes Today


Score Distribution

Your Account Isn't Verified!

In order to create a playlist on Sporcle, you need to verify the email address you used during registration. Go to your Sporcle Settings to finish the process.

Report this User

Report this user for behavior that violates our Community Guidelines.

Details: